00554nam a22001817a 450000500170000001000150001702000260003203500130005803700130007108200170008410000180010124500710011926000400019027000460023030000220027650000400029865000340033820100817113147.0 aENG-100628 a9788184840063c380.00 aEN-84161 bDBAD/PUB a331.40954552 aChhina, S. S. aWomen labour :bproblem and policy implications /cby S. S. Chhina aNew DelhibRegal Publicationsc2009 aF-159, Rajouri Garden bNew Delhie110027 ax,89p.c22cm (Hb) aincludes bibliographical references aWomen in Economic Development